| 000 | 00561nam a2200217Ia 4500 | ||
|---|---|---|---|
| 003 | BUBTL | ||
| 008 | 151213s9999 xx 000 0 und d | ||
| 020 | _a978-81-317-4587-1 | ||
| 082 | _a338.5CAM | ||
| 100 |
_aCase,Karl E./Fair,Ray C. _91383 |
||
| 245 | _aMicroeconomics | ||
| 250 | _a9th | ||
| 260 |
_aIndia _bPearson _cc2007 |
||
| 300 |
_a[xiii],398p. _bills. _c22cm. |
||
| 650 | _aEconomics | ||
| 650 | _aEconomics | ||
| 700 |
_aCase,Karl E./Fair,Ray C. _91384 |
||
| 856 |
_k0 _l0 _yDownload |
||
| 942 |
_2ddc _cBK |
||
| 999 |
_c4767 _d4767 |
||